Técnicas de laboratorio / (Record no. 196260)

MARC details
000 -LEADER
campo de control de longitud fija 01436nam a2200409 i 4500
001 - NÚMERO DE CONTROL
campo de control 196260
003 - IDENTIFICADOR DE NÚMERO DE CONTROL
campo de control ES-MaACL
005 - FECHA Y HORA DE LA ÚLTIMA TRANSACCIÓN
campo de control 20250728042045.0
008 - DATOS DE LONGITUD FIJA--INFORMACIÓN GENERAL
campo de control de longitud fija 240823s1995 sp | ||| ||spa
016 7# - NÚMERO DE CONTROL DE UNA AGENCIA BIBLIOGRÁFICA NACIONAL
Número de control del registro bimoBNE19950367118
Fuente SpMaBN
017 ## - NÚMERO DE COPYRIGHT O DE DEPÓSITO LEGAL
Número de copyright o de depósito legal B 39451-1995
Agencia que asigna Oficina Depósito Legal Barcelona
020 ## - NÚMERO INTERNACIONAL ESTÁNDAR DEL LIBRO
Número Internacional Estándar del Libro 8432916048
035 ## - NÚMERO DE CONTROL DEL SISTEMA
Número de control de sistema (OCoLC)45726239
035 ## - NÚMERO DE CONTROL DEL SISTEMA
Número de control de sistema (SpMaBN)bimo0000461755
035 ## - NÚMERO DE CONTROL DEL SISTEMA
Número de control de sistema 991022817459708606
040 ## - FUENTE DE CATALOGACIÓN
Centro catalogador/agencia de origen SpMaBN
Lengua de catalogación spa
Centro/agencia transcriptor SpMaBN
Normas de descripción rdc
080 ## - NÚMERO DE LA CLASIFICACIÓN DECIMAL UNIVERSAL
Número de la Clasificación Decimal Universal 77.023.4(035)
100 0# - ENTRADA PRINCIPAL--NOMBRE DE PERSONA
Nombre de persona Hedgecoe, John
9 (RLIN) 62298
Término indicativo de función/relación Autor
240 14 - TÍTULO UNIFORME
Título uniforme The Workbook of Darkroom Techniques
Lenguaje de la obra Español
245 10 - MENCIÓN DEL TÍTULO
Título Técnicas de laboratorio /
Mención de responsabilidad, etc. John Hedgecoe.
250 ## - MENCION DE EDICION
Mención de edición 4ª edición: octubre, 1995
260 ## - PUBLICACIÓN, DISTRIBUCIÓN, ETC.
Lugar de publicación, distribución, etc. Barcelona :
Nombre del editor, distribuidor, etc. Ceac,
Fecha de publicación, distribución, etc. D.L. 1995.
300 ## - DESCRIPCIÓN FÍSICA
Extensión 191 p. :
Otras características físicas il. col. ;
Dimensiones 22 cm.
336 ## - TIPO DE CONTENIDO
Fuente rdacontent
Término de tipo de contenido texto
337 ## - TIPO DE MEDIO
Fuente rdamedia
Nombre/término del tipo de medio sin mediación
338 ## - TIPO DE SOPORTE
Fuente rdacarrier
Nombre/término del tipo de soporte volumen
490 1# - MENCIÓN DE SERIE
Mención de serie Manuales de fotografía
490 1# - MENCIÓN DE SERIE
Mención de serie Cúpula/imagen
594 ## - NOTA AL TITULO Y MENCION DE RESPONSABILIDAD
Nota al título y mención de responsabilidad Traducción de: The Workbook of Darkroom Techniques
650 #7 - PUNTO DE ACCESO ADICIONAL DE MATERIA--TÉRMINO DE MATERIA
Término de materia o nombre geográfico como elemento de entrada Fotografía-
Subdivisión general Revelado
Fuente del encabezamiento o término
9 (RLIN) 153676
852 ## - LOCALIZACIÓN
Ubicación ES-MaACL
Sublocalización o colección R.153619
Ubicación en estantería Depósito J
Número de control de estantería N-9314
Donativo/Legado Donación: Editorial
Encuadernación Encuadernación rústica con solapas
itemnumber 205385
942 ## - ELEMENTOS DE ENTRADA SECUNDARIOS (KOHA)
Tipo de ítem Koha Libro impreso
Suprimir en OPAC No
Holdings
Estatus retirado Estado de pérdida Fuente del sistema de clasificación o colocación Estado de daño No para préstamo Biblioteca de origen Biblioteca actual Ubicación en estantería Fecha de adquisición Fuente de adquisición Total de préstamos Signatura topográfica completa Código de barras Visto por última vez Precio de reemplazo Tipo de ítem Koha
    Clasificación decimal universal     Biblioteca del Ateneo de Madrid Biblioteca del Ateneo de Madrid Depósito J 10/05/2025 Donación   N-9314 101230037 10/05/2025 10/05/2025 Libro impreso